Statistiken für 12 x 12 Multiplikationstabelle in 2 Minuten

Klicken Sie hier um das Quiz zu spielen!

Allgemein

  • Dieses Quiz wurde 5,717 mal gespielt
  • Das Durchschnittsergebnis liegt bei 94 aus 144

Antwortstatistiken

Antwort % Korrekt
2
100%
1
100%
9
99%
11
99%
12
99%
8
99%
2
99%
10
99%
7
99%
3
99%
4
99%
5
99%
6
99%
6
98%
4
98%
9
98%
8
98%
6
98%
12
98%
16
98%
10
98%
22
98%
20
98%
24
98%
18
98%
12
98%
14
98%
3
98%
15
97%
24
97%
27
97%
21
97%
18
97%
30
97%
4
96%
36
96%
33
96%
8
96%
24
95%
12
95%
16
95%
20
95%
40
94%
28
94%
32
94%
36
94%
44
94%
10
94%
5
94%
48
93%
15
93%
20
93%
25
93%
45
92%
35
92%
30
92%
50
92%
40
92%
6
91%
55
91%
60
91%
12
90%
18
89%
30
88%
24
88%
36
87%
42
86%
48
86%
54
84%
66
83%
60
83%
7
82%
72
82%
14
80%
21
79%
28
78%
35
75%
42
74%
49
73%
56
71%
63
67%
70
66%
77
65%
8
63%
84
62%
16
61%
24
58%
32
56%
40
54%
48
53%
56
51%
64
48%
72
46%
80
45%
9
44%
88
44%
96
42%
18
41%
27
39%
36
37%
45
36%
54
34%
63
32%
10
32%
72
31%
20
30%
81
30%
90
29%
30
29%
40
28%
50
28%
60
28%
99
28%
70
27%
80
27%
108
26%
100
26%
90
26%
11
25%
110
25%
120
24%
22
23%
33
22%
55
21%
66
21%
44
21%
88
20%
77
20%
99
20%
110
18%
12
17%
121
17%
24
16%
132
15%
36
15%
48
14%
60
13%
84
12%
72
12%
96
11%
108
10%
120
9%
144
9%
132
9%

Verteilung der Resultate

Perzentil nach korrekt beantworteten Fragen

Anzahl Personen mit jedem Resultat

Ihre Resultats-Entwicklung

Sie haben dieses Quiz noch nicht gespielt